|
|
|
|
| LEADER |
00000nam a2200000 a 4500 |
| 001 |
1/125713 |
| 008 |
221220s2022####gr | ||| |||| ||gre|| |
| 020 |
|
|
|a 9789604189861
|
| 040 |
|
|
|a GR-MyUa
|b gre
|c GR-MyUa
|e AACR2
|
| 041 |
0 |
|
|a gre
|
| 082 |
7 |
|
|a 005.73
|2 (23)
|
| 100 |
1 |
|
|a Μποζάνης, Παναγιώτης Δ.
|
| 245 |
1 |
0 |
|a Δομές δεδομένων /
|c Παναγιώτης Δ. Μποζάνης.
|
| 250 |
|
|
|a 3η έκδοση.
|
| 260 |
|
|
|a Θεσσαλονίκη :
|b Τζιόλα,
|c c2022.
|
| 300 |
|
|
|a xv, 828 σ. ;
|c 25 εκ.
|
| 504 |
|
|
|a Βιβλιογραφία: σ. 815-820. Ευρετήριο.
|
| 650 |
|
0 |
|a Data structures (Computer science)
|
| 852 |
|
|
|a INST
|b SYROS
|c EUDOXUS
|e 20221216
|h 005.73 ΜΠΟ
|p 005500015531
|q 005500015531
|t EDX
|y 0
|
| 920 |
|
|
|a Εύδοξος
|b Παραγγελία
|y Σύρος-ΤΜΣΠΣ
|z 2022-12
|
| 970 |
|
|
|a Κοντού
|b Παρασκευή
|z 20/01/2022
|